000 00605nam a2200217Ia 4500
005 20241129104131.0
008 241129s9999||||xx |||||||||||||| ||und||
020 _a9781538744017
037 _aTextual
040 _aRTL
_beng
_cRTL
041 _aeng
_2eng
084 _aY7 R0
_qRTL
100 _aMurray Charles
_9724923
245 0 _aHuman diversity: The Biology of gender race and class
_cMurray Charles
260 _aNew York
_bTwelve
_c2020
300 _ax,508p.
365 _aINR
_b2877.7
650 _aHuman Diversity
_9724924
942 _cTB
_hY7 R0
999 _c1224567
_d1224567